[Event "HZ Chess Tournament 2023"]
[Site "Vlissingen, Netherlands"]
[Date "2023.08.10"]
[Round "7.46"]
[White "Loechner, Mark"]
[Black "Vedant Kumar Saravana"]
[Result "1-0"]
[WhiteElo "1607"]
[BlackElo "1993"]
[PlyCount "65"]

1. c4 e5 2. Nc3 Nf6 3. Nf3 Nc6 4. g3 Bb4 5. Bg2 O-O 6. O-O e4 7. Ng5 Bxc3 8.
bxc3 Re8 9. f3 e3 10. d3 d5 11. cxd5 Nxd5 12. Ne4 f5 13. c4 fxe4 14. cxd5 exf3
15. Rxf3 Nd4 16. Rf4 Nf5 17. Qb3 Nd6 18. Bb2 Qe7 19. Raf1 Bd7 20. Qc3 Rf8 21.
Ba3 Rxf4 22. Rxf4 Nb5 23. Bxe7 Nxc3 24. Rc4 Nxe2+ 25. Kf1 Re8 26. Ba3 b5 27.
Rxc7 Nd4 28. Bb2 e2+ 29. Ke1 Bh3 30. Be4 Rf8 31. Bxd4 Rf1+ 32. Kxe2 Rf7 33.
Bxh7+ 1-0

[Event "HZ Chess Tournament 2023"]
[Site "Vlissingen, Netherlands"]
[Date "2023.08.10"]
[Round "7.48"]
[White "Kriens, Hans"]
[Black "Sparenberg, Erik"]
[Result "0-1"]
[WhiteElo "1806"]
[BlackElo "2128"]
[PlyCount "140"]

1. d4 Nf6 2. c4 c5 3. Nf3 e6 4. Nc3 cxd4 5. Nxd4 a6 6. a3 Nc6 7. Bg5 Bc5 8. e3
O-O 9. Nxc6 bxc6 10. b4 Be7 11. Be2 d5 12. O-O Bb7 13. Qb3 a5 14. cxd5 cxd5 15.
b5 d4 16. exd4 Qxd4 17. Rad1 Qc5 18. Be3 Qxa3 19. Qxa3 Bxa3 20. Na4 Bb4 21. Bc5
Bxc5 22. Nxc5 Bd5 23. Ra1 Rfd8 24. Rfd1 Kf8 25. Na6 Ne4 26. Nc7 Nc3 27. Re1
Rac8 28. b6 Rb8 29. Nxd5 Nxd5 30. Rxa5 Rxb6 31. g3 Rb2 32. Ra7 g6 33. Bf3 Nf6
34. Rc1 Rd7 35. Rxd7 Nxd7 36. Be4 Rd2 37. Rc2 Rd4 38. Bf3 Ne5 39. Be2 g5 40. h3
Kg7 41. Kg2 Kg6 42. Ra2 h5 43. Rc2 h4 44. g4 Kf6 45. Rc3 Ng6 46. Ba6 Nf4+ 47.
Kh2 Rd2 48. Kg1 Rd6 49. Ra3 Nxh3+ 50. Rxh3 Rxa6 51. Rf3+ Kg6 52. Kg2 Ra4 53.
Kh3 Ra1 54. Kg2 Ra4 55. Kh3 Rf4 56. Rxf4 gxf4 57. Kxh4 f6 58. f3 e5 59. Kh3 Kg5
60. Kg2 Kh4 61. Kh2 e4 62. fxe4 Kxg4 63. Kg2 f3+ 64. Kf2 Kf4 65. Kf1 Kxe4 66.
Kf2 Kf4 67. Kf1 Ke3 68. Ke1 f5 69. Kf1 f2 70. Kg2 Ke2 0-1

[Event "HZ Chess Tournament 2023"]
[Site "Vlissingen, Netherlands"]
[Date "2023.08.10"]
[Round "7.49"]
[White "Bon, Gijs"]
[Black "Coenen, Eduard"]
[Result "0-1"]
[WhiteElo "1787"]
[BlackElo "2069"]
[PlyCount "40"]

1. e4 d6 2. d4 c6 3. f4 g6 4. Nc3 Bg7 5. Be3 b5 6. Bd3 Nf6 7. h3 b4 8. Nce2 Ba6
9. a3 Qb6 10. axb4 Bxd3 11. Qxd3 Qxb4+ 12. Kf2 d5 13. Nc3 Nxe4+ 14. Nxe4 dxe4
15. Qxe4 O-O 16. Ne2 Nd7 17. Qxc6 Nf6 18. Bd2 Qxd2 19. Qa4 Nd5 20. Rhd1 Qe3+
0-1

[Event "HZ Chess Tournament 2023"]
[Site "Vlissingen, Netherlands"]
[Date "2023.08.10"]
[Round "7.50"]
[White "Gosman, Theo"]
[Black "Blom, Huub"]
[Result "1-0"]
[WhiteElo "1986"]
[BlackElo "1759"]
[PlyCount "41"]

1. d4 e6 2. e4 d5 3. e5 c5 4. c3 Nc6 5. Nf3 cxd4 6. cxd4 Bd7 7. Bd3 Qb6 8. O-O
Nxd4 9. Nbd2 Nxf3+ 10. Nxf3 Ne7 11. Be3 Qd8 12. Rc1 Nc6 13. a3 Be7 14. Re1 b6
15. b4 Rc8 16. Re2 Nb8 17. Rxc8 Bxc8 18. Qa4+ Nd7 19. Qxa7 O-O 20. Rc2 Qe8 21.
Bb5 1-0

[Event "HZ Chess Tournament 2023"]
[Site "Vlissingen, Netherlands"]
[Date "2023.08.10"]
[Round "7.51"]
[White "De Wolf, Johan"]
[Black "Kompaan, Rick"]
[Result "1-0"]
[WhiteElo "1984"]
[BlackElo "1771"]
[PlyCount "57"]

1. d4 d5 2. Nf3 Nf6 3. c4 c6 4. Nc3 e6 5. g3 dxc4 6. Bg2 Nbd7 7. O-O Bd6 8. Qc2
h6 9. Rd1 Qc7 10. Nd2 Nb6 11. Nce4 Nxe4 12. Nxe4 e5 13. Nxd6+ Qxd6 14. dxe5
Qxe5 15. Bf4 Qf6 16. Qe4+ Be6 17. Be5 Qg5 18. h4 Qh5 19. Bxg7 Rg8 20. Bf3 Qc5
21. Qh7 Bf5 22. Qxh6 Nd7 23. Bd4 Qa5 24. Qf4 O-O-O 25. b4 cxb3 26. axb3 Qb5 27.
Rxa7 Nb6 28. Rc1 Nd5 29. Qxf5+ 1-0

[Event "HZ Chess Tournament 2023"]
[Site "Vlissingen, Netherlands"]
[Date "2023.08.11"]
[Round "8.1"]
[White "Ter-Sahakyan, Samvel"]
[Black "Krasenkow, Michal"]
[Result "1-0"]
[WhiteElo "2604"]
[BlackElo "2524"]
[PlyCount "89"]

1. e4 c5 2. Nf3 Nc6 3. Bb5 g6 4. O-O Bg7 5. d3 e5 6. a3 Nge7 7. b4 d6 8. bxc5
dxc5 9. Bg5 Bd7 10. Nc3 O-O 11. Bc4 h6 12. Bxe7 Qxe7 13. Nd5 Qd6 14. Rb1 Rab8
15. Nd2 Kh7 16. c3 f5 17. Bb3 Na5 18. Nc4 Nxc4 19. dxc4 Bc6 20. Rb2 Bf6 21. Qf3
Bxd5 22. cxd5 Bg7 23. Bc2 f4 24. Rfb1 c4 25. Rxb7 Rxb7 26. Rxb7 Qxa3 27. h4 h5
28. Kh2 Kh6 29. Qh3 Qa2 30. Qd7 Rg8 31. Qa4 Qxa4 32. Bxa4 Bf6 33. Kh3 g5 34.
hxg5+ Rxg5 35. d6 Rg4 36. Kh2 Bh4 37. d7 Rg6 38. Kh3 Bg5 39. Rb5 Re6 40. Rc5
Be7 41. Rxc4 Rd6 42. Rc8 Kg7 43. c4 Rd4 44. c5 Rxa4 45. c6 1-0

[Event "HZ Chess Tournament 2023"]
[Site "Vlissingen, Netherlands"]
[Date "2023.08.11"]
[Round "8.2"]
[White "Maatman, Nick"]
[Black "Schoppen, Casper"]
[Result "1-0"]
[WhiteElo "2362"]
[BlackElo "2498"]
[PlyCount "75"]

1. d4 Nf6 2. c4 e6 3. Nf3 d5 4. Nc3 Bb4 5. Qb3 a5 6. cxd5 exd5 7. Bg5 c6 8. e3
Nbd7 9. Bd3 h6 10. Bh4 O-O 11. O-O Re8 12. Rac1 Be7 13. Rfd1 Ne4 14. Bxe7 Qxe7
15. Bxe4 dxe4 16. Nd2 Nf6 17. h3 Be6 18. Qc2 Bf5 19. a3 Qe6 20. Nf1 g5 21. d5
Nxd5 22. Nxd5 cxd5 23. Qb3 Qf6 24. Qxd5 Bg6 25. Qb5 Rac8 26. Rxc8 Rxc8 27. Qxb7
Rc2 28. Rd2 Rc1 29. Qa8+ Kh7 30. Qxa5 Bh5 31. Qb5 Qe7 32. g4 Bg6 33. Kg2 h5 34.
Ng3 hxg4 35. hxg4 Rc5 36. Qb4 Qc7 37. Rd1 Kg8 38. Qd4 1-0

[Event "HZ Chess Tournament 2023"]
[Site "Vlissingen, Netherlands"]
[Date "2023.08.11"]
[Round "8.3"]
[White "Vrolijk, Liam"]
[Black "Van der Kaap, Jos"]
[Result "1-0"]
[WhiteElo "2517"]
[BlackElo "2224"]
[PlyCount "55"]

1. Nf3 d5 2. d4 Nf6 3. c4 dxc4 4. e3 a6 5. Bxc4 e6 6. O-O c5 7. Be2 Nc6 8. Ne5
Nxe5 9. dxe5 Qxd1 10. Rxd1 Nd7 11. f4 Be7 12. Nd2 O-O 13. Nc4 Ra7 14. Nd6 Bxd6
15. Rxd6 b6 16. e4 Rc7 17. Be3 b5 18. Bd2 Nb8 19. Ba5 Rc6 20. a4 Rxd6 21. exd6
b4 22. Bb6 Nd7 23. a5 Bb7 24. e5 Rc8 25. Bc4 h5 26. f5 Re8 27. fxe6 fxe6 28.
Bb3 1-0

[Event "HZ Chess Tournament 2023"]
[Site "Vlissingen, Netherlands"]
[Date "2023.08.11"]
[Round "8.4"]
[White "Ikonnikov, Vyacheslav"]
[Black "De Boer, Eelke"]
[Result "1-0"]
[WhiteElo "2467"]
[BlackElo "2270"]
[PlyCount "109"]

1. d4 Nf6 2. Nf3 d5 3. c4 e6 4. Nc3 Be7 5. cxd5 exd5 6. Bf4 c6 7. e3 Bf5 8. Be2
h6 9. O-O O-O 10. Qb3 b5 11. Ne5 a5 12. a3 a4 13. Qd1 Qb6 14. g4 Bh7 15. g5
hxg5 16. Bxg5 Ra7 17. Bf4 Ne4 18. Nxe4 dxe4 19. b4 axb3 20. Qxb3 Nd7 21. Nxd7
Rxd7 22. a4 Bd6 23. Bg3 Rb8 24. Rfb1 Bf5 25. axb5 cxb5 26. Qxb5 Qxb5 27. Bxb5
Rdd8 28. Bc6 Rbc8 29. Bb7 Rc2 30. Ra5 Bxg3 31. hxg3 g6 32. Ra8 Rxa8 33. Bxa8
Rc8 34. Bd5 Rd8 35. Rb5 Kg7 36. Kf1 Bd7 37. Ra5 Bh3+ 38. Ke1 f5 39. Kd2 Bf1 40.
Kc3 Kf6 41. Rc5 Ke7 42. Bb3 Rd6 43. d5 Rb6 44. Rc6 Ra6 45. Kd4 Ra3 46. Rb6 Kd7
47. Ke5 Kc7 48. Rb4 Ra6 49. Ba4 Bd3 50. Bc6 Ra7 51. Ra4 Rxa4 52. Bxa4 Be2 53.
d6+ Kd8 54. Kf6 Bh5 55. Bb5 1-0

[Event "HZ Chess Tournament 2023"]
[Site "Vlissingen, Netherlands"]
[Date "2023.08.11"]
[Round "8.5"]
[White "Pfreundt, Jakob"]
[Black "Leenhouts, Koen"]
[Result "1/2-1/2"]
[WhiteElo "2427"]
[BlackElo "2446"]
[PlyCount "30"]

1. e4 e6 2. d4 d5 3. Nc3 Bb4 4. Nge2 dxe4 5. a3 Bxc3+ 6. Nxc3 Nc6 7. d5 exd5 8.
Qxd5 Be6 9. Qxd8+ Rxd8 10. Bf4 Nf6 11. Bxc7 Rd7 12. Bf4 O-O 13. Be3 Ng4 14.
Nxe4 Nxe3 15. fxe3 Re7 1/2-1/2

[Event "HZ Chess Tournament 2023"]
[Site "Vlissingen, Netherlands"]
[Date "2023.08.11"]
[Round "8.6"]
[White "Zwirs, Nico"]
[Black "Duijker, Rick"]
[Result "1-0"]
[WhiteElo "2443"]
[BlackElo "2198"]
[PlyCount "59"]

1. e4 c5 2. Nf3 Nc6 3. d4 cxd4 4. Nxd4 e5 5. Nb5 a6 6. Nd6+ Bxd6 7. Qxd6 Qf6 8.
Qd2 Nge7 9. Nc3 d6 10. b3 O-O 11. Bb2 Be6 12. O-O-O Nd4 13. Bd3 b5 14. Rhf1 Ng6
15. Nd5 Bxd5 16. exd5 Nf4 17. Be4 Qh6 18. Bxd4 exd4 19. Kb1 Rae8 20. Rfe1 f5
21. Bf3 d3 22. cxd3 Rxe1 23. Rxe1 Qxh2 24. Qe3 Ng6 25. g3 f4 26. Qe6+ Kh8 27.
Rh1 fxg3 28. Rxh2 gxh2 29. Qh3 Ne5 30. Be4 1-0

[Event "HZ Chess Tournament 2023"]
[Site "Vlissingen, Netherlands"]
[Date "2023.08.11"]
[Round "8.7"]
[White "Pham, Khoi"]
[Black "Van Wely, Loek"]
[Result "1/2-1/2"]
[WhiteElo "2361"]
[BlackElo "2644"]
[PlyCount "145"]

1. e4 c5 2. Nf3 d6 3. d4 cxd4 4. Nxd4 Nf6 5. Nc3 a6 6. Bg5 e6 7. f4 Nbd7 8. Qe2
Qc7 9. O-O-O b5 10. a3 Bb7 11. h4 Rc8 12. Rh3 h5 13. Kb1 Be7 14. Qe1 Nb6 15.
Bxf6 gxf6 16. Rd2 Kf8 17. f5 e5 18. Nb3 Rg8 19. Qe3 Ke8 20. Qh6 Nc4 21. Bxc4
bxc4 22. Nc1 Qb6 23. Ka2 Qg1 24. N1e2 Qxg2 25. Qe3 Kd7 26. Rg3 Rxg3 27. Nxg3
Qh3 28. Qb6 Rc7 29. Nxh5 Qxh4 30. Ng7 Qh8 31. Rg2 Qa8 32. Qe3 Bc6 33. Nh5 Qh8
34. Rh2 Bb7 35. Qd2 Qg8 36. Rg2 Qh8 37. Rh2 Qf8 38. Rg2 Kc8 39. Nd5 Bxd5 40.
Qxd5 Kb8 41. Rg7 Bd8 42. c3 Ka7 43. Rh7 Qe7 44. Ng3 Qf8 45. Nf1 Qg8 46. Rh1 Qg2
47. Rh8 Qxf1 48. Rxd8 Rb7 49. Rxd6 Qf2 50. Qd2 Qxd2 51. Rxd2 Kb6 52. Rd6+ Kb5
53. Kb1 a5 54. Kc2 a4 55. Rxf6 Rd7 56. Rh6 Rd3 57. Rh7 f6 58. Rf7 Rd6 59. Rb7+
Rb6 60. Rd7 Kc6 61. Rd5 Rb5 62. Rd8 Rb6 63. Rc8+ Kb5 64. Kd2 Rb7 65. Rf8 Rb6
66. Rd8 Kc5 67. Rc8+ Rc6 68. Rb8 Rd6+ 69. Ke2 Rd7 70. Rb4 Rh7 71. Rxa4 Rh2+ 72.
Kd1 Rxb2 73. Ra6 1/2-1/2

[Event "HZ Chess Tournament 2023"]
[Site "Vlissingen, Netherlands"]
[Date "2023.08.11"]
[Round "8.8"]
[White "Honkoop, Gilian"]
[Black "Dardha, Daniel"]
[Result "0-1"]
[WhiteElo "2193"]
[BlackElo "2598"]
[PlyCount "48"]

1. d4 Nf6 2. c4 d6 3. Nf3 g6 4. Nc3 Bf5 5. Nh4 Bg4 6. h3 Bd7 7. Nf3 Bg7 8. e4
O-O 9. Be2 e5 10. d5 a5 11. g4 c6 12. Be3 Na6 13. Nd2 Nc5 14. f3 a4 15. b4 axb3
16. axb3 Qb6 17. O-O Bh6 18. f4 exf4 19. Bd4 Bg7 20. Nf3 Rxa1 21. Qxa1 Nxg4 22.
e5 Nxe5 23. Ne4 cxd5 24. cxd5 Qb4 0-1

[Event "HZ Chess Tournament 2023"]
[Site "Vlissingen, Netherlands"]
[Date "2023.08.11"]
[Round "8.9"]
[White "Bakker, Jouke"]
[Black "Van Delft, Merijn"]
[Result "0-1"]
[WhiteElo "2051"]
[BlackElo "2369"]
[PlyCount "84"]

1. e4 c5 2. Nf3 d6 3. d4 cxd4 4. Nxd4 Nf6 5. Nc3 a6 6. Be3 e6 7. g4 e5 8. Nf5
g6 9. g5 gxf5 10. exf5 d5 11. Qf3 Ne4 12. Nxe4 dxe4 13. Qxe4 Nc6 14. g6 hxg6
15. fxg6 Be6 16. Rg1 f5 17. g7 Bxg7 18. Qg2 Bf8 19. Qg6+ Bf7 20. Qxf5 Qd7 21.
Qxd7+ Kxd7 22. h3 Kc7 23. c3 Re8 24. b4 Nd4 25. Kd1 Bh5+ 26. Kc1 Nf5 27. Bg5
Bh6 28. Bxh6 Rxh6 29. Rg5 Nd6 30. Kb2 Rf8 31. Rxe5 Rxf2+ 32. Kb3 Bf7+ 33. c4
Bxc4+ 34. Bxc4 Rxh3+ 35. Ka4 Nxc4 36. Rc5+ Kb8 37. b5 axb5+ 38. Rxb5 Rf4 39.
Rab1 Nb6+ 40. Ka5 Nc4+ 41. Ka4 Nb2+ 42. Ka5 Ra4+ 0-1

[Event "HZ Chess Tournament 2023"]
[Site "Vlissingen, Netherlands"]
[Date "2023.08.11"]
[Round "8.10"]
[White "Tibke, Jonas"]
[Black "De Jong, Migchiel"]
[Result "0-1"]
[WhiteElo "1996"]
[BlackElo "2313"]
[PlyCount "60"]

1. e4 e6 2. d4 d5 3. e5 c5 4. c3 Qb6 5. Nf3 Bd7 6. Be2 cxd4 7. cxd4 Bb5 8. Nc3
Bb4 9. O-O Bxc3 10. bxc3 Bxe2 11. Qxe2 Qa6 12. Qc2 Ne7 13. a4 Nbc6 14. Ba3 h6
15. Rfb1 O-O 16. Qb3 b6 17. Qb5 Qc8 18. Bd6 Re8 19. a5 Nxa5 20. Rxa5 bxa5 21.
Qxa5 Nf5 22. Bc5 h5 23. g3 Qd7 24. Ra1 Reb8 25. Ng5 Qb5 26. Kg2 Ne3+ 27. Kf3
Qd3 28. Qa6 Nc4+ 29. Kg2 Rb2 30. Qc6 Ne3+ 0-1

[Event "HZ Chess Tournament 2023"]
[Site "Vlissingen, Netherlands"]
[Date "2023.08.11"]
[Round "8.11"]
[White "Eidelman, Gabriel"]
[Black "Van Baar, Esper"]
[Result "1-0"]
[WhiteElo "2204"]
[BlackElo "2180"]
[PlyCount "69"]

1. d4 d5 2. c4 c6 3. Nf3 Nf6 4. e3 e6 5. b3 Ne4 6. Bd3 Bb4+ 7. Nbd2 Nd7 8. a3
Bc3 9. Ra2 Ba5 10. Bb2 f5 11. b4 Bc7 12. a4 Qf6 13. a5 a6 14. Nb3 O-O 15. O-O
g5 16. Qa1 g4 17. Ne5 Qh4 18. Qe1 Rf6 19. f4 Qh5 20. Bxe4 Rh6 21. Bd3 Qxh2+ 22.
Kf2 g3+ 23. Ke2 Nxe5 24. dxe5 dxc4 25. Bxc4 Qxg2+ 26. Kd1 Rh2 27. Nd4 Qh3 28.
Rg1 g2 29. Bc3 Bd8 30. Qe2 Qg4 31. Qxg4+ fxg4 32. Nxe6 Bxe6 33. Bxe6+ Kf8 34.
Bxg4 h5 35. Bf5 1-0

[Event "HZ Chess Tournament 2023"]
[Site "Vlissingen, Netherlands"]
[Date "2023.08.11"]
[Round "8.12"]
[White "Ciolek, Andreas"]
[Black "Verwoert, Jef"]
[Result "1-0"]
[WhiteElo "2273"]
[BlackElo "2023"]
[PlyCount "55"]

1. d4 Nf6 2. c4 c5 3. d5 b5 4. cxb5 a6 5. bxa6 g6 6. Nc3 Bxa6 7. e4 d6 8. Bxa6
Rxa6 9. Nf3 Bg7 10. O-O O-O 11. Qe2 Qa5 12. Nd2 Ra7 13. Nc4 Qa6 14. a4 Nfd7 15.
Nb5 Rb7 16. Bd2 Nb6 17. Na5 Rc7 18. Ra2 Rcc8 19. b3 Na8 20. Rc1 Nc7 21. Rac2
Nxb5 22. axb5 Qb6 23. b4 Nd7 24. Nc6 Rfe8 25. bxc5 Nxc5 26. Be3 Ra8 27. Bxc5
dxc5 28. Rxc5 1-0

[Event "HZ Chess Tournament 2023"]
[Site "Vlissingen, Netherlands"]
[Date "2023.08.11"]
[Round "8.13"]
[White "Van der Hagen, Loek"]
[Black "Boeren, Jurriaan"]
[Result "1-0"]
[WhiteElo "2269"]
[BlackElo "1987"]
[PlyCount "143"]

1. e4 e5 2. Nf3 Nc6 3. Bc4 Nf6 4. d3 Bc5 5. Nc3 a6 6. O-O d6 7. Be3 O-O 8. Bxc5
dxc5 9. Bd5 Nxd5 10. exd5 Nb4 11. Nxe5 Nxd5 12. Nxd5 Qxd5 13. Re1 Re8 14. Qf3
Be6 15. Qg3 Qd6 16. Re3 f6 17. Nf3 Qxg3 18. hxg3 Kf7 19. Nd2 b6 20. f3 a5 21.
Kf2 Rad8 22. b3 a4 23. Re4 Ra8 24. Rh1 axb3 25. axb3 Ra2 26. Rc1 Rea8 27. Ke1
Bd5 28. Rh4 Re8+ 29. Kd1 h6 30. Rh5 Bc6 31. Rh1 Re7 32. Re1 g5 33. Rxe7+ Kxe7
34. Nf1 h5 35. Ne3 Ra8 36. Ke2 Kf7 37. Rh1 Kg6 38. Kd2 Rh8 39. Ke2 Ra8 40. Kf2
Bd7 41. Nd5 Ra2 42. Rc1 Be6 43. Nc3 Rb2 44. Ke3 Kf7 45. Nb5 c6 46. Nc3 b5 47.
Ne4 c4 48. dxc4 bxc4 49. bxc4 Ke7 50. Kd4 Rb4 51. Nd2 Kd6 52. Kc3 Ra4 53. Kb3
Ra8 54. Ne4+ Ke7 55. Rh1 Bf5 56. Nd2 Bg6 57. Rd1 Rd8 58. Kc3 Rd6 59. Re1+ Kf7
60. Nb3 Bf5 61. Ra1 Re6 62. Nd4 Re5 63. Ra7+ Ke8 64. f4 Re3+ 65. Kd2 Rxg3 66.
Nxf5 Rxg2+ 67. Kd3 h4 68. fxg5 fxg5 69. Rh7 Rf2 70. Nd6+ Kf8 71. Ne4 Rf3+ 72.
Kd4 1-0

[Event "HZ Chess Tournament 2023"]
[Site "Vlissingen, Netherlands"]
[Date "2023.08.11"]
[Round "8.14"]
[White "Voege, Tobias"]
[Black "Kliashtornyi, Arkadii"]
[Result "1-0"]
[WhiteElo "2257"]
[BlackElo "1925"]
[PlyCount "83"]

1. d4 d5 2. c4 c6 3. Nc3 Nf6 4. Nf3 a6 5. a4 e6 6. a5 Nbd7 7. c5 e5 8. dxe5 Ng4
9. b4 Ngxe5 10. Nd4 g6 11. e4 Nf6 12. f4 Ned7 13. e5 Ng8 14. Bd3 Bg7 15. O-O
Ne7 16. Bb1 O-O 17. Ra2 Re8 18. Re2 Nf8 19. h3 Nf5 20. Bxf5 Bxf5 21. Nxf5 gxf5
22. Qd3 Qd7 23. Bb2 Ng6 24. Nb1 Re7 25. g3 Rf8 26. Rfe1 Ree8 27. Nd2 Rd8 28.
Nf3 Rfe8 29. Nd4 Ne7 30. Kh2 Rc8 31. h4 h6 32. h5 Rb8 33. Bc3 Ra8 34. e6 fxe6
35. Rxe6 Rad8 36. Rd6 Qc8 37. Rxd8 Qxd8 38. Ne6 Bxc3 39. Nxd8 Bxe1 40. Qe3 Kf8
41. Ne6+ Kf7 42. Nc7 1-0

[Event "HZ Chess Tournament 2023"]
[Site "Vlissingen, Netherlands"]
[Date "2023.08.11"]
[Round "8.15"]
[White "Provoost, Simon"]
[Black "Woltery, Nicolai"]
[Result "1-0"]
[WhiteElo "2198"]
[BlackElo "1894"]
[PlyCount "105"]

1. d4 Nf6 2. Bf4 d5 3. Nf3 c5 4. e3 Nc6 5. Nbd2 e6 6. c3 Bd6 7. Bg3 O-O 8. Bd3
b6 9. Qe2 Bb7 10. Rd1 Re8 11. Ne5 Qc7 12. f4 Ne7 13. Qf3 Nf5 14. Bf2 Bf8 15.
Ng4 Nxg4 16. Qxg4 Nd6 17. O-O Ne4 18. Bh4 g6 19. Bxe4 dxe4 20. Bf6 Bg7 21. Qh4
cxd4 22. cxd4 Qc2 23. b3 Qxa2 24. Rf2 Qc2 25. Re1 Qc3 26. g4 Qb4 27. Bxg7 Kxg7
28. f5 Qf8 29. Ref1 exf5 30. gxf5 Bd5 31. Rf4 Kg8 32. f6 h6 33. Qg3 Re6 34. h4
Kh8 35. h5 gxh5 36. Rf5 Bb7 37. Rxh5 Kh7 38. Qh3 Qg8+ 39. Kh1 Qg6 40. Nc4 Ba6
41. Rg1 Qxf6 42. Rf5 Qe7 43. Ne5 Rxe5 44. Rxe5 Qf6 45. Rf5 Bc8 46. Rxf6 Bxh3
47. Rxf7+ Kh8 48. Rf6 Kh7 49. Kh2 Bc8 50. Rf7+ Kh8 51. Rf8+ Kh7 52. Rc1 Bb7 53.
Rf7+ 1-0

[Event "HZ Chess Tournament 2023"]
[Site "Vlissingen, Netherlands"]
[Date "2023.08.11"]
[Round "8.16"]
[White "Verweij, David"]
[Black "Lommers, Frank"]
[Result "1/2-1/2"]
[WhiteElo "1931"]
[BlackElo "2190"]
[PlyCount "97"]

1. e4 c5 2. d3 e6 3. Nf3 Nc6 4. g3 Nf6 5. Bg2 d6 6. O-O Be7 7. Re1 O-O 8. c3
Bd7 9. Nbd2 Qc7 10. Nf1 Rfc8 11. h4 b5 12. N1h2 b4 13. c4 e5 14. Nd2 g6 15. f4
Nh5 16. Nhf1 Ng7 17. Nf3 exf4 18. Bxf4 Ne6 19. Bh6 Bf6 20. Rb1 Ne5 21. Ne3 Bc6
22. Bh3 Re8 23. Rf1 Bg7 24. Bxg7 Nxg7 25. Nxe5 Rxe5 26. Ng4 Re7 27. Qf3 Rf8 28.
Qf4 Nh5 29. Nf6+ Nxf6 30. Qxf6 Re5 31. Rf2 Bd7 32. g4 Be6 33. Qf4 f6 34. Rbf1
Qg7 35. Qg3 g5 36. h5 Qe7 37. Rf3 Bc8 38. R1f2 Kg7 39. Qg2 h6 40. Qf1 Be6 41.
Kh2 Rf7 42. Kg3 Bc8 43. b3 Qd8 44. a3 a5 45. axb4 axb4 46. Qa1 Re8 47. Ra2 Qc7
48. Kg2 Qe7 49. Rff2 1/2-1/2

[Event "HZ Chess Tournament 2023"]
[Site "Vlissingen, Netherlands"]
[Date "2023.08.11"]
[Round "8.17"]
[White "Goudriaan, Rafael"]
[Black "Grochal, Joey"]
[Result "0-1"]
[WhiteElo "1990"]
[BlackElo "2280"]
[PlyCount "96"]

1. e4 c5 2. Nf3 e6 3. d4 cxd4 4. Nxd4 Nf6 5. Bd3 Nc6 6. Nxc6 dxc6 7. O-O e5 8.
Nd2 Qc7 9. Nc4 b5 10. Ne3 a6 11. a4 Rb8 12. Qf3 Bd6 13. axb5 axb5 14. Rd1 O-O
15. Bd2 Be6 16. Bf1 Bc5 17. Ba5 Qe7 18. Bc3 Bc8 19. b3 h5 20. h3 g6 21. Bb2 Re8
22. Bd3 Nh7 23. Qe2 Ng5 24. Bc1 Qf6 25. c3 Be6 26. Bc2 Ra8 27. Bd2 Kg7 28. Nf1
Qe7 29. Nh2 Red8 30. Qe1 Qf6 31. Bxg5 Qxg5 32. Nf3 Qf4 33. Rxa8 Rxa8 34. b4 Ra2
35. Qd2 Qxd2 36. Rxd2 Bf8 37. Nxe5 Bb3 38. Bxb3 Rxd2 39. Nxc6 Rd3 40. Bd5 Rxc3
41. e5 Rc1+ 42. Kh2 Rd1 43. Be4 Rd2 44. f4 Bxb4 45. f5 gxf5 46. Bxf5 Bc3 47.
Kg3 b4 48. e6 fxe6 0-1

[Event "HZ Chess Tournament 2023"]
[Site "Vlissingen, Netherlands"]
[Date "2023.08.11"]
[Round "8.18"]
[White "Grutter, Tim"]
[Black "Baarslag, Ed"]
[Result "1-0"]
[WhiteElo "2349"]
[BlackElo "2086"]
[PlyCount "65"]

1. e4 c6 2. Nf3 d5 3. Nc3 Bg4 4. h3 Bxf3 5. Qxf3 e6 6. g3 Nd7 7. d4 dxe4 8.
Nxe4 Be7 9. Bg2 Ngf6 10. O-O Nxe4 11. Qxe4 O-O 12. c4 Nf6 13. Qd3 Qd7 14. b3
Rfd8 15. Rd1 e5 16. d5 cxd5 17. cxd5 e4 18. Bxe4 Qxh3 19. Bg2 Qh5 20. Bf3 Qh3
21. Bf4 Bd6 22. Bxd6 Rxd6 23. Qb5 Rd7 24. d6 Rad8 25. Rac1 Ne8 26. Qa4 Qh6 27.
Rc8 f5 28. Qc4+ Kf8 29. Rxd8 Rxd8 30. d7 Nd6 31. Qc7 Nf7 32. Qc5+ Kg8 33. Qxa7
1-0

[Event "HZ Chess Tournament 2023"]
[Site "Vlissingen, Netherlands"]
[Date "2023.08.11"]
[Round "8.19"]
[White "Rodriguez Fontecha, Marcos"]
[Black "Van Houtte, Randy"]
[Result "1-0"]
[WhiteElo "2309"]
[BlackElo "2079"]
[PlyCount "101"]

1. d4 d5 2. Bf4 Nf6 3. e3 e6 4. Nd2 Bd6 5. Bg3 O-O 6. Ngf3 c5 7. c3 Qc7 8. Bd3
Nbd7 9. Qc2 e5 10. dxe5 Nxe5 11. Nxe5 Bxe5 12. Nf3 Bxg3 13. hxg3 h6 14. Rh4 c4
15. Bf5 Bxf5 16. Qxf5 Qc8 17. Nd4 Qxf5 18. Nxf5 Rfe8 19. O-O-O Re5 20. Rf4 Re6
21. Nd4 Ra6 22. a3 Rb8 23. Nc2 g5 24. Rf5 Rd6 25. Nd4 Kh7 26. Re5 Ng4 27. Re7
Rf6 28. Nf3 Nxf2 29. Rxd5 Nd3+ 30. Kc2 g4 31. Nd2 Rf2 32. e4 Ne1+ 33. Kb1 Nxg2
34. Nxc4 Rf3 35. Rf5 Rf8 36. Ne5 Rxf5 37. exf5 h5 38. Nxf7 h4 39. gxh4 g3 40.
Ng5+ Kg8 41. Ne6 Rxf5 42. Rg7+ Kh8 43. Rxg3 Rf1+ 44. Ka2 Rf2 45. h5 Re2 46. Nd8
Ne3 47. h6 Nf5 48. Rf3 Ne3 49. Rf7 Nd1 50. Rg7 Nxc3+ 51. Kb3 1-0

[Event "HZ Chess Tournament 2023"]
[Site "Vlissingen, Netherlands"]
[Date "2023.08.11"]
[Round "8.20"]
[White "Van Batenburg, Mees"]
[Black "Syrov, Arkadi"]
[Result "1/2-1/2"]
[WhiteElo "2080"]
[BlackElo "2263"]
[PlyCount "69"]

1. d4 Nf6 2. Nc3 d5 3. Bf4 e6 4. Nb5 Na6 5. e3 Be7 6. Nf3 O-O 7. h4 c6 8. Nc3
Qa5 9. Bd3 Nb4 10. a3 Nxd3+ 11. Qxd3 Ne4 12. Ng5 f5 13. Ngxe4 fxe4 14. Qd2 Qd8
15. h5 h6 16. Ne2 Bf6 17. c4 b6 18. Be5 Bxe5 19. dxe5 Qg5 20. Nf4 Rd8 21. cxd5
Qxe5 22. Ng6 Qd6 23. Qc3 cxd5 24. Rc1 Bd7 25. Qc7 Be8 26. Kd2 Bxg6 27. hxg6 Qf8
28. f4 exf3 29. Rxh6 Qf6 30. Qf7+ Qxf7 31. gxf7+ Kxf7 32. Rc7+ Kg8 33. Rg6 fxg2
34. Rgxg7+ Kf8 35. Rgf7+ 1/2-1/2

[Event "HZ Chess Tournament 2023"]
[Site "Vlissingen, Netherlands"]
[Date "2023.08.11"]
[Round "8.21"]
[White "Van der Zalm, Marnix"]
[Black "Elgersma, Onno"]
[Result "0-1"]
[WhiteElo "2083"]
[BlackElo "2256"]
[PlyCount "96"]

1. d4 Nf6 2. c4 e6 3. Nc3 d5 4. cxd5 exd5 5. Bg5 c6 6. e3 h6 7. Bh4 Be7 8. Bd3
O-O 9. Qc2 Re8 10. Nge2 a5 11. O-O Na6 12. a3 Nc7 13. f3 Ne6 14. Bf2 b5 15. h3
Ba6 16. e4 b4 17. axb4 Bxd3 18. Qxd3 axb4 19. Rxa8 Qxa8 20. Nd1 dxe4 21. fxe4
c5 22. d5 Ng5 23. d6 Bf8 24. Bxc5 Qxe4 25. Qxe4 Rxe4 26. Ng3 Rc4 27. Bb6 Bxd6
28. Nf5 Be5 29. Nde3 Re4 30. b3 Bc3 31. Nc4 Nd5 32. Ba7 Re2 33. Nfd6 Ra2 34.
Bc5 Ne6 35. Bf2 f6 36. Rd1 Ndf4 37. Ne4 Ng5 38. Nxg5 hxg5 39. Rd7 Ra1+ 40. Kh2
Ra2 41. Kg3 Nxg2 42. Kf3 Nh4+ 43. Bxh4 gxh4 44. Ne3 Ra5 45. Nd5 Kh7 46. Kg4 Ra2
47. Nxc3 bxc3 48. Rc7 Rg2+ 0-1

[Event "HZ Chess Tournament 2023"]
[Site "Vlissingen, Netherlands"]
[Date "2023.08.11"]
[Round "8.22"]
[White "Smeets, Kobe"]
[Black "Romkes, Abel"]
[Result "1-0"]
[WhiteElo "2245"]
[BlackElo "2064"]
[PlyCount "61"]

1. e4 e5 2. Nf3 Nf6 3. Nxe5 d6 4. Nf3 Nxe4 5. Nc3 Nxc3 6. dxc3 Be7 7. Bd3 O-O
8. Be3 Nd7 9. Qe2 Re8 10. O-O-O Nf6 11. h3 c6 12. c4 Qa5 13. Kb1 Bf5 14. Bxf5
Qxf5 15. g4 Qa5 16. Nd4 Bf8 17. Nf5 Re6 18. Qf3 d5 19. g5 Ne4 20. Rhg1 g6 21.
Nd4 Re5 22. Bf4 Ree8 23. Nb3 Qd8 24. cxd5 cxd5 25. c4 Bg7 26. Rxd5 Qb6 27. Be3
Qb4 28. Rd7 Qxc4 29. Rc1 Qe6 30. Rcc7 Rf8 31. Re7 1-0

[Event "HZ Chess Tournament 2023"]
[Site "Vlissingen, Netherlands"]
[Date "2023.08.11"]
[Round "8.23"]
[White "Bezemer, Arno"]
[Black "Van der Werf, Joel"]
[Result "0-1"]
[WhiteElo "2223"]
[BlackElo "1993"]
[PlyCount "126"]

1. c4 Nf6 2. d4 e6 3. Nc3 Bb4 4. e3 O-O 5. Bd3 d5 6. Nf3 dxc4 7. Bxc4 c5 8. O-O
Nc6 9. a3 Ba5 10. Qd3 a6 11. Rd1 b5 12. Ba2 c4 13. Qe2 Bxc3 14. bxc3 Ne4 15.
Bb2 Bb7 16. Ne1 f5 17. f3 Nf6 18. Rac1 Ne7 19. Bb1 Nfd5 20. g3 Nb6 21. Rc2 Ng6
22. Rcd2 Qg5 23. Ng2 Rae8 24. Bc1 Qh5 25. e4 Na4 26. Bb2 fxe4 27. fxe4 Qxe2 28.
Rxe2 Rf3 29. Rc1 Ref8 30. Ba1 Ne7 31. Nf4 R3xf4 32. gxf4 Rxf4 33. Rf1 Ng6 34.
Bc2 Rxf1+ 35. Kxf1 Nf4 36. Re3 Nd3 37. Bxd3 cxd3 38. Ke1 Nb6 39. e5 Nc4 40.
Rxd3 Nxa3 41. Bb2 Nc4 42. Bc1 a5 43. Rg3 Be4 44. Rg4 Bb1 45. d5 Nxe5 46. d6 Kf7
47. Ba3 g6 48. Rf4+ Bf5 49. Kd2 Ke8 50. Bc5 Kd7 51. Rf1 Kc6 52. Bd4 Nc4+ 53.
Ke2 Kxd6 54. Bg7 a4 55. Rd1+ Kc6 56. Ra1 e5 57. Bf8 e4 58. Bh6 Kb6 59. Bf8 Bg4+
60. Kf2 e3+ 61. Kg3 Bh5 62. h4 e2 63. Kf2 Nb2 0-1